000 00871nam a2200229Ia 4500
005 20250622124037.0
008 250617s9999||||xx |||||||||||||| ||ara||
017 _a15761
_bمصر. دار الكتب
020 _a9789778812428
082 0 4 _a601
_bر ف
100 0 _aرحاب جاد
245 1 0 _aفلسفة التكنولوجيا مفهومها وطبيعتها /
_cتأليف رحاب جاد ؛ تقديم عادل عبد السميع عوض
250 _aط1
260 3 _aالقاهرة :
_b"دار العلا للنشر والتوزيع,"
_c2025.
300 _a412ص ؛
_b
_c24سم.
650 _aالتكنولوجيا
650 _aالتكنولوجيا
_x خدمات المعلومات
650 _aالتكنولوجيا
_x فلسفة
700 0 _aعادل عبد السميع عوض
_e مقدم
942 _cBK
999 _c67678
_d67678